LIBRARY & INFORMATION CENTRE, KCAET, TAVANUR

ONLINE PUBLIC ACCESS CATALOGUE (OPAC)

Normal view MARC view
  • Rakhi

Entry Personal Name

Number of records used in: 1

001 - CONTROL NUMBER

  • control field: 3539

003 - CONTROL NUMBER IDENTIFIER

  • control field: OSt

005 - DATE AND TIME OF LATEST TRANSACTION

  • control field: 20181003105653.0

008 - FIXED-LENGTH DATA ELEMENTS

  • fixed length control field: 181003|| aca||aabn | a|a d

040 ## - CATALOGING SOURCE

  • Original cataloging agency: OSt
  • Transcribing agency: OSt

100 ## - HEADING--PERSONAL NAME

  • Personal name: Rakhi

670 ## - SOURCE DATA FOUND

  • Source citation: Work cat.: (OSt)15182: RAKESH R. L 3538, Performance evaluation of dosamatic and venturi fertigation units
free website counter